000 00752 a2200229 4500
003 OSt
005 20250926062753.0
008 230620s2017 mx a||||r|||| 00| 0 spa d
020 _a9786071730282
040 _cCHAP
082 0 0 _222
_a633.2
_bH56
100 1 _9187442
_aHerrera Arreola, Guillermo
245 1 0 _aManejo de pastizales en la ganadería extensiva /
_cpor Guillermo Herrera Arreola.
264 1 _aCiudad de México :
_bTrillas,
_c2017.
300 _a254 páginas:
_btablas, figuras.
504 _aIncluye bibliografía.
650 4 _9142595
_aManejo de pastizales
650 4 _986122
_aPastos forrajeros
_xValor nutritivo
650 7 _aPastos forrajeros
_xRendimiento
_2
_986118
650 4 _944941
_aGanado
_xPastoreo
942 _cLibro
_2ddc
999 _c218145
_d218145